Alle Ornitho-Rote und Lila Arten die 2023 gemeldet wurden - Statistiken

Allgemein
  • Dieses Quiz wurde 84 mal gespielt
  • Das Durchschnittsergebnis liegt bei 81 aus 164
Antwortstatistiken
A-Z Vogel % Korrekt
G Gänsegeier
88%
A Auerhuhn
85%
B Bartgeier
85%
P Purpurreiher
81%
R Rotkehlpieper
81%
S Steppenweihe
81%
T Triel
81%
Z Zwergdommel
81%
B Blauracke
77%
F Falkenraubmöwe
77%
G Graubrust-Strandläufer
77%
K Kleines Sumpfhuhn
77%
R Rosaflamingo
77%
R Rotfußfalke
77%
S Skua
77%
S Stelzenläufer
77%
W Waldammer
77%
Z Zwergohreule
77%
G Grasläufer
73%
K Kaiseradler
73%
N Nachtreiher
73%
S Schmarotzerraubmöwe
73%
S Schreiadler
73%
S Seidenreiher
73%
S Spatelraubmöwe
73%
S Steinadler
73%
S Steinhuhn
73%
Z Zwergscharbe
73%
Z Zwergsumpfhuhn
73%
A Alpenschneehuhn
69%
G Gleitaar
69%
H Haselhuhn
69%
I Iberienzilpzalp
69%
M Mönchsgeier
69%
M Mornellregenpfeifer
69%
S Seidenschwanz
69%
S Steinrötel
69%
Z Zwergammer
69%
B Blutspecht
65%
D Doppelschnepfe
65%
D Dünnschnabelmöwe
65%
E Eistaucher
65%
G Großtrappe
65%
K Kalanderlerche
65%
K Kuhreiher
65%
M Moorente
65%
O Odinshühnchen
65%
P Polarmöwe
65%
R Rallenreiher
65%
R Rosapelikan
65%
R Rothalsgans
65%
R Rotkopfwürger
65%
S Sumpfohreule
65%
T Teichwasserläufer
65%
W Weißflügel-Seeschwalbe
65%
Z Zaunammer
65%
A Alpenbraunelle
62%
A Alpensegler
62%
K Krabbentaucher
62%
L Lachseeschwalbe
62%
O Ohrentaucher
62%
O Orpheusspötter
62%
S Seidensänger
62%
S Sichler
62%
Z (Im Quiz T) Taigazilpzalp
62%
W Weißbart-Seeschwalbe
62%
W Weißrückenspecht
62%
D Dreizehenspecht
58%
G Gerfalke
58%
G Großer Schlammläufer
58%
G Grünlaubsänger
58%
K Kleiner Gelbschenkel
58%
K Krähenscharbe
58%
M Mariskenrohrsänger
58%
R Rotflügel-Brachschwalbe
58%
S Schneesperling
58%
S Seggenrohrsänger
58%
T Terekwasserläufer
58%
W Wiedehopf
58%
Z Zistensänger
58%
A Atlantiksturmtaucher
54%
G Gryllteiste
54%
K Kappenammer
54%
M Marmelente
54%
R Ringschnabelente
54%
S Schwarzstirnwürger
54%
S Spornpieper
54%
S Steppenkiebitz
54%
Z Zwerggans
54%
A Adlerbussard
50%
S (Im Quiz A) Aschkopf-Schafstelze
50%
B Buschrohrsänger
50%
K Kleine Bergente
50%
S (Im Quiz M) Maskenschafstelze
50%
N Nonnensteinschmätzer
50%
P Papageitaucher
50%
R Raubseeschwalbe
50%
S Schlangenadler
50%
Z Zwergadler
50%
A Aztekenmöwe
46%
F Felsenschwalbe
46%
G Gelbbrauen-Laubsänger
46%
S (Im Quiz G) Gelbkopfschafstelze
46%
K Kiefernkreuzschnabel
46%
K Kurzschnabelgans
46%
M Meerstrandläufer
46%
B (im Quiz R) Rotsterniges Blaukehlchen
46%
T Tienschan-Laubsänger
46%
W Würgfalke
46%
H (Im Quiz B) Baltische Heringsmöwe
42%
S (Im Quiz I) Iberienschafstelze
42%
K Kurzzehenlerche
42%
P Prärie-Goldregenpfeifer
42%
P Provencegrasmücke
42%
S Spornammer
42%
S Sumpfläufer
42%
T Thorshühchen
42%
B (Im Quiz T) Trauerbachstelze
42%
I Isabellwürger
38%
I Italiensperling
38%
P Pallasschwarzkehlchen
38%
G Gelbschnabeltaucher
35%
R (Im Quiz H) Hellbäuchige Ringelgans
35%
R (Im Quiz P) Pazifische Ringelgans
35%
R Rosenstar
35%
R Rötelschwalbe
35%
T Tundra-Goldregenpfeifer
35%
W Wüstenregenpfeifer
35%
Z Zitronenstelze
35%
B Balearensturmtaucher
31%
K Korallenmöwe
31%
K (Im Quiz C) Carolinakrickente
27%
F Feldrohrsänger
27%
B Blauschwanz
23%
D Dunkler Sturmtaucher
23%
G Gluckente
23%
S Schwalbenmöwe
23%
W Wellenläufer
23%
W Wüstensteinschmätzer
23%
P (Im Quiz K) Kanadapfeifente
15%
S Scheckente
15%
B Blauwangenspint
12%
P Pazifiksegler
12%
P Pazifiktrauerente
12%
S Stejnegerschwarzkehlchen
12%
S Sturmschwalbe
12%
W Weißbrauendrossel
12%
W Weißkopf-Ruderente
12%
B Brillenente
8%
B (Im Quiz G) Grönländische Blässgans
8%
I Iberien-Bartgrasmücke
8%
K Kamtschatkasamtente
8%
R Rostflügeldrossel
8%
S Streifenschwirl
8%
W Weißbauchtölpel
8%
W Wacholderlaubsänger
4%
B Bindenstrandläufer
0%
B Buschspötter
0%
U (Im Quiz I) Isländische Uferschnepfe
0%
J Jungfernkranich
0%
P Präriemöwe
0%
S Sandstrandläufer
0%
S Sichelente
0%
W Wüstengimpel
0%
Keine übereinstimmenden Quizze gefunden
Verteilung der Resultate
Anzahl Personen mit jedem Resultat
Perzentil nach korrekt beantworteten Fragen
Ihre Resultats-Entwicklung
Sie haben dieses Quiz noch nicht gespielt